| 000 | 00382 a2200157 4500 | ||
|---|---|---|---|
| 001 | 193017 | ||
| 020 | _a978-85-7675-732-0 | ||
| 040 | _cMagnum | ||
| 100 | _aRezende, Stella Maris | ||
| 240 | 1 | 0 |
_aA guardiã dos segredos de família _lpor |
| 245 | 1 | 0 | _aA guardiã dos segredos de família |
| 300 | _a79 | ||
| 362 | 0 | _a2011 | |
| 697 | _aLITERATURA INFANTO-JUVENIL | ||
| 942 | _cBK | ||
| 999 |
_c193017 _d193017 |
||